César /

Guardado en:
Autor Principal: Barba, Jacques.
Formato: Libro
Idioma:Spanish
Publicado: Buenos Aires : EUDEBA, 1968.
Series:Lectores de EUDEBA 49
Materias:
Etiquetas: Agregar Etiqueta
Sin Etiquetas, Sea el primero en etiquetar este registro!
LEADER 00471nam a22001695a 4500
001 EUN.um054132
003 AR-BaUNS
005 20050623122919.0
008 041125s1968####ag#a##########000#0#spa#d
245 1 0 |a César /  |c Jacques Barba. 
260 |a Buenos Aires :  |b EUDEBA,  |c 1968. 
300 |a 232 p. :  |b ilus. ;  |c 18 cm. . 
490 0 |a Lectores de EUDEBA 49 
100 1 |a Barba, Jacques. 
082 0 4 |a 923 
653 |a Cesar 
859 |a Ar-BaUNS  |b BIB. CENTRAL - Sector C  |h 923  |i C337m  |p 50112/968